000 00794nam a22002417a 4500
008 130718s2008 xxuad frn 001 0 eng
020 _a9780323048538
040 _aCO-BoUCM
_cAngélica Rojas
_dNuevo
_bspa
041 0 _aeng
060 _aWA 400
100 1 _aJacobs, Karen,
_d1951-
_940958
245 1 0 _aErgonomics for therapists
_c[edited by] Karen Jacobs
250 _a3rd ed
260 _aSt. Louis, Mo
_bMosby Elsevier
_c2008
300 _axvi, 460 páginas
_bilustraciones y gráficas
504 _aIncluye referencias bibliográficas e índices
650 7 _aErgonomía
_914713
650 7 _aFisioterapia
_915956
650 7 _aRehabilitación
_9361
650 7 _aTerapia ocupacional
_925382
690 _aFisioterapia
_915956
942 _a26
_cLIBRO
_e3
_mJ171
_2NLM
_hWA 400
_n0
999 _c167636
_d167636